الباعث الحثيث شرح إختصار علوم الحديث لإبن كثير / (رقم التسجيلة. 26035)

تفاصيل مارك
000 -LEADER
fixed length control field 00560nam a22001817a 4500
005 - DATE AND TIME OF LATEST TRANSACTION
control field 20251108165347.0
008 - FIXED-LENGTH DATA ELEMENTS--GENERAL INFORMATION
fixed length control field 250721s1994 xx 000 0 ara d
082 14 - DEWEY DECIMAL CLASSIFICATION NUMBER
Classification number م/213/شاك
100 1# - MAIN ENTRY--PERSONAL NAME
Personal name شاكر، أحمد محمد
245 10 - TITLE STATEMENT
Title الباعث الحثيث شرح إختصار علوم الحديث لإبن كثير /
250 ## - EDITION STATEMENT
Edition statement طبعه جديده
264 1# - PRODUCTION, PUBLICATION, DISTRIBUTION, MANUFACTURE, AND COPYRIGHT NOTICE
Place of production, publication, distribution, manufacture القاهره :
Name of producer, publisher, distributor, manufacturer مكتبة السنه،
Date of production, publication, distribution, manufacture, or copyright notice 1994.
300 ## - PHYSICAL DESCRIPTION
Extent 352ص
650 17 - SUBJECT ADDED ENTRY--TOPICAL TERM
Topical term or geographic name as entry element الإسلام
650 17 - SUBJECT ADDED ENTRY--TOPICAL TERM
Topical term or geographic name as entry element الحديث الشريف
942 ## - ADDED ENTRY ELEMENTS (KOHA)
Source of classification or shelving scheme Dewey Decimal Classification
Koha item type مراجع
المقتنيات
حالة السحب حالة الفقدان مصدر التصنيف حالة التلف غير قابل للإعارة المكتبة الرئيسية المكتبة الحالية موقع الرف تاريخ التزويد الرقم المتسلسل Total Checkouts رقم الإستدعاء الباركود تاريخ آخر ظهور تاريخ الفاتورة نوع المادة (كوها)
    Dewey Decimal Classification   Not For Loan مكتبة الأميرة ايمان العامة مكتبة الأميرة ايمان العامة مراجع 23/10/2013 [4761   م/213/شاك PLD00283725 28/07/2025 23/10/2013 مراجع
Implemented & Customized by: BBB with SCIT (Smart Chains for Information Technology)

Powered by Koha